KOHA-Header-6

Research Methods for Business a Skill Building approach (Record no. 739)

000 -LEADER
fixed length control field 00325nam a2200121Ia 4500
008 - FIXED-LENGTH DATA ELEMENTS--GENERAL INFORMATION
fixed length control field 190722s9999 xx 000 0 und d
020 ## - INTERNATIONAL STANDARD BOOK NUMBER
International Standard Book Number 978-81-265-3131-8
100 ## - MAIN ENTRY--PERSONAL NAME
Personal name Uma Sekaran
245 #0 - TITLE STATEMENT
Title Research Methods for Business a Skill Building approach
260 ## - PUBLICATION, DISTRIBUTION, ETC. (IMPRINT)
Place of publication, distribution, etc New Delhi
Name of publisher, distributor, etc John Wiley
Date of publication, distribution, etc 2014
300 ## - PHYSICAL DESCRIPTION
Extent 468
942 ## - ADDED ENTRY ELEMENTS (KOHA)
Koha item type Books
Holdings
Withdrawn status Lost status Source of classification or shelving scheme Damaged status Not for loan Collection code Permanent Location Current Location Shelving location Date acquired Total Checkouts Total Renewals Full call number Barcode Date last seen Date checked out Price effective from Koha item type
          Business MAJU MAJU   2019-07-22 4 4 658.403 7365 2024-01-11 2023-10-11 2019-07-22 Business

Powered by Koha